Persian psalms (Zabur - i `Ajam), parts I & II / (Record no. 21335)
[ view plain ]
| 000 -LEADER | |
|---|---|
| fixed length control field | 00941nam a2200265 a 4500 |
| 001 - CONTROL NUMBER | |
| control field | 21335 |
| 003 - CONTROL NUMBER IDENTIFIER | |
| rucl marc code | BD-RjUL |
| 005 - DATE AND TIME OF LATEST TRANSACTION | |
| control field | 20211209000655.0 |
| 008 - FIXED-LENGTH DATA ELEMENTS--GENERAL INFORMATION | |
| fixed length control field | 140304r19611948pk 000 1 eng d |
| 035 ## - SYSTEM CONTROL NUMBER | |
| System control number | (BD-RjUL)21399 |
| 040 ## - CATALOGING SOURCE | |
| Original cataloging agency | ANL |
| Language of cataloging | eng |
| Transcribing agency | ANL |
| Modifying agency | NSL:R |
| -- | BD-RjUL |
| 041 ## - LANGUAGE CODE | |
| Language code of text/sound track or separate title | eng |
| 082 14 - DEWEY DECIMAL CLASSIFICATION NUMBER | |
| Classification number | 891.43915 |
| Edition number | 19 |
| Author mark and year | PER 1961 |
| 245 10 - TITLE STATEMENT | |
| Title | Persian psalms (Zabur - i `Ajam), parts I & II / |
| Statement of responsibility, etc. | translated into English verse from the Persian of the late Sir Muhammad Iqbal by Arthur J. Arberry. |
| 250 ## - EDITION STATEMENT | |
| Edition statement | 1st ed. |
| 260 ## - PUBLICATION, DISTRIBUTION, ETC. (IMPRINT) | |
| Place of publication, distribution, etc. | Lahore : |
| Name of publisher, distributor, etc. | Sh. Muhammad Ashraf, |
| Date of publication, distribution, etc. | 1948 [reprinted 1961] |
| 300 ## - PHYSICAL DESCRIPTION | |
| Pagination | viii, 127 p. : |
| Size | 22 cm. |
| 500 ## - GENERAL NOTE | |
| General note | Cover title: Persian psalms : Iqbal's Zabur-i-Ajam. |
| 650 #0 - SUBJECT ADDED ENTRY--TOPICAL TERM | |
| Topical term or geographic name as entry element | Islamic poetry. |
| 9 (RLIN) | 65961 |
| Topical term or geographic name as entry element | Poets, Persian |
| Chronological subdivision | 20th century. |
| 9 (RLIN) | 65962 |
| Topical term or geographic name as entry element | Poets, Urdu |
| Chronological subdivision | 20th century. |
| 9 (RLIN) | 65963 |
| 700 1# - ADDED ENTRY--PERSONAL NAME | |
| Personal name | Arberry, A. J. |
| Fuller form of name | (Arthur John), |
| Dates associated with a name | 1905-1969. |
| 942 ## - ADDED ENTRY ELEMENTS (KOHA) | |
| Source of classification or shelving scheme | Dewey Decimal Classification |
| Koha item type | Books |
| Lost status | Source of classification or shelving scheme | Damaged status | Not for loan | Collection code | Permanent Location | Current Location | Shelving location | Date acquired | Source of acquisition | Cost, normal purchase price | Total Checkouts | Full call number | Date last seen | Copy number | Koha item type |
|---|---|---|---|---|---|---|---|---|---|---|---|---|---|---|---|
| Dewey Decimal Classification | Fiction | Central Library, University of Rajshahi | Central Library, University of Rajshahi | 20/02/1967 | Feroza | 7.50 | 891.43915 PER 1961 | 04/03/2014 | C-3 | Books | |||||
| Dewey Decimal Classification | Non-fiction | Central Library, University of Rajshahi | Central Library, University of Rajshahi | General Stacks | 20/02/1967 | Feroz & Sons, Lahore | 7.50 | 891.43915 PER 1961 | 01/02/2024 | C-5 | Books |